000 01543nam0a22003491 4500
001 v19\rc\1636731
005 20191204164047.0
035 _a(NLR Aleph) 004838842
090 _a4800099
_c4800099
100 _a20061002d1900 |||y0rusy50 ca
101 0 _arus
102 _aRU
105 _ay d |||||
200 1 _aМнения иностранцев о реформе календаря в России [Камилла Фламмариона, Цезаря Тондини ди Квадренти и др., изложенные корреспондентами польской газ. "Края"]
210 _aСанкт-Петербург
_cтипо-лит. Ю.А. Мансфельд
_d1900
215 _a12 с.
_d22
702 1 _aФламмарион
_bК.
_f1842-1925
_gКамилл
_3RU\NLR\AUTH\7712756
_4570
702 1 _6z02790
_aТондини де Куаренги
_bЧ.
_f1839-
_gЧезаре
_4570
790 1 _6z01702
_aФламмарион
_bК.
_f1842-1925
_gКамилл
_3RU\NLR\AUTH\7712756
790 1 _6z02702
_aТондини ди Квадренги
_bЦ.
_f1839-
_gЦезарь
790 1 _6z02702
_aКуарнеги
_bЧ. Т. де
_f1839-
_gЧезаре Тондини де
790 1 _6z02702
_aКвадренги
_bЦ. Т. ди
_f1839-
_gЦезарь Тондини ди
801 0 _aRU
_bNLR
_gpsbo
801 0 _aRU
_bRuMoRGB
_2psbo
801 1 _aRU
_bProSoft-M
_2rusmarc
852 _aNLR
_j20.61.6.15
899 _aRuMoRGB
_jE 54/563
899 _aБАН
899 _aГПИБ
942 _cBOOK
980 _aNB